Tiếng Hoa dành cho người đi du lịch

Nội dung sách giúp cho bạn đọc cách phát âm, cách sử dụng câu trong mọi tình huống, cách phiên âm, cách viết chữ, và quan trong là tất cả phiên âm trong tập sách này đều phải được đọc theo giọng bắc chuẩn....

Deskribapen osoa

Gorde:
Xehetasun bibliografikoak
Erakunde egilea: Trung tâm biên soạn dịch thuật sách Sài Gòn (Saigonbook)
Formatua: Liburua
Hizkuntza:Undetermined
Argitaratua: Đà Nẵng Nhà xuất bản Đà Nẵng 2005
Gaiak:
Etiketak: Etiketa erantsi
Etiketarik gabe, Izan zaitez lehena erregistro honi etiketa jartzen!
Thư viện lưu trữ: Trung tâm Học liệu Trường Đại học Cần Thơ
LEADER 00986nam a2200205Ia 4500
001 CTU_123601
008 210402s9999 xx 000 0 und d
020 |c 25000 
082 |a 495.1 
082 |b Tr513 
110 |a Trung tâm biên soạn dịch thuật sách Sài Gòn (Saigonbook) 
245 0 |a Tiếng Hoa dành cho người đi du lịch 
245 0 |c Trung tâm biên soạn dịch thuật sách Sài Gòn (Saigonbook) 
260 |a Đà Nẵng 
260 |b Nhà xuất bản Đà Nẵng 
260 |c 2005 
520 |a Nội dung sách giúp cho bạn đọc cách phát âm, cách sử dụng câu trong mọi tình huống, cách phiên âm, cách viết chữ, và quan trong là tất cả phiên âm trong tập sách này đều phải được đọc theo giọng bắc chuẩn. 
650 |a Chinese language 
904 |i Hiếu 
980 |a Trung tâm Học liệu Trường Đại học Cần Thơ